| 000 | 00454nam a22001697a 4500 | ||
|---|---|---|---|
| 999 |
_c60995 _d60995 |
||
| 005 | 20231205102346.0 | ||
| 008 | 231205s1995 enk||||| |||| 00| 0 eng d | ||
| 041 | _aeng | ||
| 080 | _a902/904 S-90 | ||
| 100 |
_aMihailov, Georgi _920577 |
||
| 245 | _aStudia in honorem Georgi Mihailov. | ||
| 264 |
_aSofia, _c1995. |
||
| 300 |
_a524 p.: _bil.; _c24 cm. |
||
| 653 | _aისტორია | ||
| 653 | _aარქეოლოგია | ||
| 942 |
_2udc _cBK |
||